Beethovens persönliche Aufzeichnungen /

Hlavní autor: Beethoven, Ludwig van, 1770-1827
Další autoři: Leitzmann, Albert, 1867-1950
Jazyk: Němčina
Vydáno: Leipzig : Insel-Verlag, [1930?]
Edice: Insel-Bücherei
Fyzický popis: 60 s.
Knihy
Uloženo v:
LEADER 00791nam a22002292a 4500
001 000951571
003 CZ BrMZK
005 20091009084246.0
007 ta
008 090630s1930 gw er|||||||||||ger d
040 |a BOA001  |b cze 
100 1 |a Beethoven, Ludwig van,  |d 1770-1827  |7 jn19990000607  |4 aut 
245 1 0 |a Beethovens persönliche Aufzeichnungen /  |c Ludwig van Beethoven ; [gesammelt und erläutert von Albert Leitzmann] 
260 |a Leipzig :  |b Insel-Verlag,  |c [1930?] 
300 |a 60 s. 
490 1 |a Insel-Bücherei ;  |v Nr. 241 
700 1 |a Leitzmann, Albert,  |d 1867-1950  |7 jn20000603709  |4 com 
830 0 |a Insel-Bücherei 
910 |a BOA001  |b 1-0576.465 
990 |a BK 
991 |b 200906 
996 7 |b 2619472462  |c 1-0576.465  |l MZK  |r Sklad / do 1 hodiny  |n 0  |w 001083459  |u 000010  |a 1  |e BOA001  |j MZK50  |s A